000 00375nam a2200109Ia 4500
008 090122s9999 xx 000 0 und d
082 _b7664
_a808.899282
245 _aबिरबल आणि बादशाह भाग
630 _aबिरबल आणि बादशाह भाग
730 _aबिरबल आणि बादशाह भाग
942 _cBOOK
999 _c31741
_d31741